000 00345nam a2200145Ia 4500
008 230711s9999||||xx |||||||||||||| ||und||
041 _aENG
082 _a624
_bST-G
100 _aStrack D.C Otto
245 0 _aGround water mechanics
250 _a1st
260 _c1989
_aNew York
_bEllis Horwood Ltd
650 _aCivil Engineering
942 _cBK
999 _c562
_d562